| 000 | 00366nam a2200145Ia 4500 | ||
|---|---|---|---|
| 008 | 210210b2000 xxu||||| |||| 00| 0 eng d | ||
| 082 | _a821.008 SESG | ||
| 100 | _aSESHADRI (P K). | ||
| 245 | _aGolden quill, the | ||
| 260 |
_aChennai. _bMacmillan & Co. Ltd. _c2000 |
||
| 300 | _a145 | ||
| 650 | _aPoetry colllection | ||
| 690 | _aEnglish Poetry | ||
| 906 | _a055665 | ||
| 999 |
_c103446 _d103446 |
||